000 00513nam a2200193Ia 4500
003 OSt
005 20250505151545.0
008 210210b1972 xxu||||| |||| 00| 0 eng d
040 _cAL
041 _aKannada
082 _aK894.3 PARJ
100 _aPARVATI (H S).
_dಎಚ್.ಎಸ್.ಪಾರ್ವತಿ
_9209332
245 _aJivana jala.
_bಜೀವನ ಜಾಲ
260 _aBengalur
_bHemanta Sahitya
_c1972
300 _a156
690 _aKannada Fiction
_9209333
906 _a030337
942 _2ddc
_cBK
999 _c81542
_d81542